| 000 | 00528nam a22001577a 4500 | ||
|---|---|---|---|
| 999 |
_c17597 _d17597 |
||
| 008 | 190405b xxu||||| |||| 00| 0 eng d | ||
| 020 | _a144121776 | ||
| 050 |
_aLC4704 _b.T87 2012 c.1 |
||
| 100 | _aTurner, Christine | ||
| 245 |
_aSupporting Children with Learning Difficulties _bA holistic solutions for severe, profound and multiple disabilities _cChristine Turner |
||
| 260 |
_aLondon _bBloomsbury _c2012 |
||
| 300 | _axiii, 161p. | ||
| 650 | _aLearning Disabilities | ||
| 650 | _aAlternative Education | ||
| 942 |
_2lcc _cBK |
||